000 00725nam a2200205 a 4500
003 0
005 20250208101221.0
008 130824s19uu xx 00 eng d
050 _aPHS LB 1062
_b.D994 2013
100 _aDy, Jerald Benjamin B.
245 _aSocial skills and academic achievement /
_cJerald Benjamin B. Dy.
260 _aLas PiƱas City, Philippines :
_bSouthville International School and Colleges,
_c2013.
300 _a23 pages :
_billustrations ;
_c28 cm.
504 _aIncludes bibliographical references.
650 _aAcademic achievement
_vPsychological aspects.
650 _aSocial skills.
650 _aEducational psychology.
650 _aStudent behavior
_vSocial aspects.
942 _2lcc
_cPASS
999 _c98953
_d98953